Elektrické měření neelektrických veličin.

Uložené v:
Podrobná bibliografia
Hlavný autor: TURIČIN, A. M. (Author)
Médium: Kniha
Jazyk:Czech
Vydané: 1958
Tagy: Pridať tag
Žiadne tagy, Buďte prvý kto otaguje tento záznam!

MARC

LEADER 00000nam a2200000 a 4500
001 000109607
005 00000000000000.0
008 040101s1958 e czeo
041 0 |a cze 
100 1 |a TURIČIN, A. M.  |4 aut 
245 1 0 |a Elektrické měření neelektrických veličin. 
260 |c 1958 
500 |a Záznam neprešiel kontrolou 
910 |a svkkk 
998 |a BK 
090 |g SCKHL  |k Sklad Pribinova 1. posch.  |a IV.17036  |i 109607-10  |s Prezenčne